00574nam a22001577a 4500003000400000005001700004008004100021020001800062040000600080082001900086100001700105245007100122260003800193300003800231650014700269OSt20260308122124.0260308b |||||||| |||| 00| 0 eng d a9781350253148 cn a720.1 M34 2023 aMalpas, Jeff aRethinking Dwelling: Heidegger, Place, Architecture /cJeff Malpas bLondon. Bloomsbury Academic. 2023 a256 pages : illustrations ; 23 cm aArchitecture—Philosophy — Heidegger, Martin—Influence — Architectural theory — Place (Philosophy) — Phenomenology and architecture